000 00957nam a22003257a 4500
003 OSt
005 20230712123338.0
008 221006b |||||||| |||| 00| 0 eng d
040 _cBiblioteca Lado V
082 _a709.05
_bC423t
100 _9892
_aCetti Serbelloni, Alberico
_eeditor
245 _aTema Celeste/
_bContemporaryart/
260 _c2005
_bGabrius
_aItalia
300 _c21.5x29cm
_a111p.
490 _v2005
_a108
505 _aEditorial
505 _aObservatory
505 _aColumns
505 _aFeatures
505 _aProject Room
505 _aSelf-portraits
505 _aReviews
505 _aArtlife
505 _aNews & Around
650 _2Tesauro de Arte & Arquitectura
_aARTE
650 _2Tesauro de Arte & Arquitectura
_aARTE CONTEMPORARIO
650 _2Tesauro de Arte & Arquitectura
_aCRITICA
650 _2Tesauro de Arte & Arquitectura
_aCULTURA
942 _2ddc
_c1
_h709.05
_iC423t
_n0
999 _c4036
_d4036